| 000 | 01000nam a2200289 c 4500 | ||
|---|---|---|---|
| 001 | a6449668 | ||
| 003 | Co-BoUCM | ||
| 005 | 20190809104830.0 | ||
| 008 | 190809s2019 sp | |||| 001 0 spa | ||
| 015 | _aMON1906 | ||
| 017 |
_aM 293-2019 _bOficina Depósito Legal Madrid |
||
| 020 | _a9788491813965 | ||
| 040 |
_aCO-BoUCM _bspa _cSaul Niño _dSaul Niño |
||
| 041 | 1 |
_aspa _heng |
|
| 100 | 1 |
_aMudde, Cas _d1967- _997997 |
|
| 245 | 1 | 0 |
_aPopulismo _buna breve introducción _cCas Mudde y Cristóbal Rovira Kaltwasser ; traducción María Enguix Tercero |
| 260 |
_aMadrid _bAlianza editorial _c2019 |
||
| 300 | _a212 páginas | ||
| 490 | 0 |
_aEl libro de bolsillo. Ciencias sociales _vCS85 |
|
| 650 | 7 |
_aPopulismo _922091 |
|
| 650 | 7 |
_aCiencia política _9340 |
|
| 700 | 1 |
_aRovira Kaltwasser, Cristóbal _d1978- _997998 |
|
| 700 | 1 |
_aEnguix Tercero, María _etraductor _997999 |
|
| 765 | _tPopulism | ||
| 942 |
_2DEWEY _a6 _cLIBRO _e1 _h320.5315 _mM943p |
||
| 999 |
_c314469 _d314469 |
||